| 000 | 00665nam a2200229Ia 4500 | ||
|---|---|---|---|
| 003 | GCL | ||
| 008 | 140319s9999 xx 000 0 ara d | ||
| 040 |
_aGCL / _cGCL |
||
| 082 | 0 | 4 |
_a813.01 _bس ي |
| 100 | 1 | _aسمير سرحان | |
| 245 | 1 | 0 |
_aيوسف ادريس (1927 - 1991) / _cسمير سرحان |
| 700 | 1 | _aاعتدال عثمان | |
| 260 |
_a[S.N] : _bالهيئة المصرية العامة للكتاب ، _c1991 |
||
| 300 | _a1054 ص | ||
| 490 | _a | ||
| 650 | 0 | 4 | _aالادب العربى |
| 650 | 0 | 4 | _aمصر |
| 650 | 0 | 4 | _aالادباء العرب |
| 650 | 0 | 4 | _aيوسف ادريس |
| 650 | 0 | 4 | _aتاريخ ونقد |
| 942 |
_2ddc _cBK |
||
| 999 |
_c30507 _d30507 |
||